00478nam a2200157Ia 4500008004100000020001800041082001500059100002700074245005100101250000800152260004100160300002900201500001900230600002100249650005000270240925s9999 xx 000 0 und d a9780170128513 a005.12 ROB aRobertson, Lesley Anne 0aSimple Program Design: a step-by-step approach a5th aAustralia:bThomson Learningc,2007. axi,468p.bN.AfPhotocopy aIncludes Index aComputer Science aComputer science, information & general works